[Event "Montigny le Bretonneux op 21st"]
[Site "Montigny le Bretonneux"]
[Date "2021.12.27"]
[Round "1"]
[White "Joslin, Jerome"]
[Black "Couradin, Bruno"]
[Result "1-0"]
[WhiteElo "2048"]
[BlackElo "1454"]
[PlyCount "41"]
[EventDate "2021.12.26"]
[EventType "swiss"]
[EventRounds "9"]
[EventCountry "FRA"]
[SourceTitle "EXT 2023"]
[Source "ChessBase"]
[SourceDate "2022.10.05"]
[SourceVersion "1"]
[SourceVersionDate "2022.10.05"]
[SourceQuality "1"]

1. d4 d5 2. c4 e6 3. e3 Nf6 4. Nc3 Nc6 5. Nf3 Bb4 6. Bd3 0-0 7. 0-0 Re8 8. a3 Bd6 9. e4 dxe4 10. Nxe4 Nxe4 11. Bxe4 Bd7 12. b4 Rb8 13. Bc2 a6 14. Qd3 f5 15. Bb2 Be7 16. d5 exd5 17. Qxd5+ Kf8 18. b5 axb5 19. cxb5 Na7 20. Bb3 Be6 21. Qxe6 1-0

[Event "Europe Echecs online op April"]
[Site "Europe Echecs INT"]
[Date "2020.04.11"]
[Round "11"]
[White "Joslin, Jerome"]
[Black "Monnier, Laurent"]
[Result "1-0"]
[WhiteElo "2088"]
[BlackElo "1624"]
[PlyCount "69"]
[EventDate "2020.04.11"]
[EventType "swiss (blitz)"]
[EventRounds "11"]
[EventCountry "FRA"]
[SourceTitle "EXT 2021"]
[Source "ChessBase"]
[SourceDate "2020.10.23"]
[SourceVersion "1"]
[SourceVersionDate "2020.10.23"]
[SourceQuality "1"]

1. d4 d5 2. c4 e5 3. dxe5 d4 4. Nf3 c5 5. e3 Nc6 6. exd4 Nxd4 7. Nc3 Bg4 8. Be2 Nxf3+ 9. Bxf3 Qxd1+ 10. Bxd1 Bxd1 11. Nxd1 0-0-0 12. 0-0 Be7 13. Be3 g5 14. Nc3 a6 15. Nd5 h5 16. Nxe7+ Nxe7 17. Bxg5 Kd7 18. Bf6 Rhg8 19. Rfd1+ Ke8 20. Rxd8+ Kxd8 21. Rd1+ Ke8 22. Rd6 Rg6 23. Bxe7 Kxe7 24. Rxg6 fxg6 25. f4 Ke6 26. Kf2 Kf5 27. Ke3 b5 28. b3 g5 29. g3 g4 30. Kd3 b4 31. Ke3 a5 32. Kd3 h4 33. Ke3 hxg3 34. hxg3 Kg6 35. Ke4 1-0

[Event "Europe Echecs online op March"]
[Site "Europe Echecs INT"]
[Date "2020.03.28"]
[Round "2"]
[White "Efimov, Igor"]
[Black "Joslin, Jerome"]
[Result "1-0"]
[WhiteElo "2439"]
[BlackElo "2088"]
[PlyCount "65"]
[EventDate "2020.03.28"]
[EventType "swiss (blitz)"]
[EventRounds "9"]
[EventCountry "FRA"]
[SourceTitle "EXT 2021"]
[Source "ChessBase"]
[SourceDate "2020.10.23"]
[SourceVersion "1"]
[SourceVersionDate "2020.10.23"]
[SourceQuality "1"]

1. d4 d5 2. c4 c6 3. Nf3 e6 4. Nbd2 Nf6 5. g3 Be7 6. Bg2 0-0 7. 0-0 Nbd7 8. b3 h6 9. Bb2 b6 10. e3 Bb7 11. Qe2 Rc8 12. Rfd1 Qc7 13. Rac1 Qb8 14. Ne5 Nxe5 15. dxe5 Nd7 16. f4 a5 17. e4 dxe4 18. Nxe4 Nc5 19. Nf6+ Bxf6 20. exf6 g6 21. h4 Rcd8 22. h5 Rxd1+ 23. Rxd1 g5 24. Be5 Qc8 25. fxg5 Rd8 26. gxh6 Kh7 27. Rxd8 Qxd8 28. Qg4 Qg8 29. Qg7+ Qxg7 30. hxg7 Nd7 31. Be4+ Kg8 32. h6 Nxe5 33. h7# 1-0

[Event "FRA-ch op-B"]
[Site "Nancy"]
[Date "2013.08.16"]
[Round "5"]
[White "Ronce, Nathan"]
[Black "Joslin, Jerome"]
[Result "0-1"]
[WhiteElo "1943"]
[BlackElo "1980"]
[PlyCount "106"]
[EventDate "2013.08.11"]
[EventType "swiss"]
[EventRounds "11"]
[EventCountry "FRA"]
[SourceTitle "CBM 156 Extra"]
[Source "ChessBase"]
[SourceDate "2013.10.22"]
[SourceVersion "1"]
[SourceVersionDate "2013.10.22"]
[SourceQuality "1"]

1. c4 e5 2. g3 Nf6 3. Bg2 Nc6 4. Nc3 Bc5 5. d3 0-0 6. Nf3 d5 7. cxd5 Nxd5 8. 0-0 Nb6 9. a3 a5 10. Na4 Nxa4 11. Qxa4 Bd7 12. Qc2 Bb6 13. b3 Bg4 14. Bb2 Bxf3 15. Bxf3 Nd4 16. Bxd4 Bxd4 17. Rab1 c6 18. b4 Qe7 19. e3 Bb6 20. b5 c5 21. Qc4 Rad8 22. Bd5 Rd6 23. e4 g5 24. f3 Rfd8 25. Rb2 Kg7 26. Kh1 f5 27. f4 exf4 28. gxf4 g4 29. Qc3+ Kh6 30. Qe5 Qd7 31. Rg2 Re8 32. Qb2 Bd8 33. a4 Bf6 34. Qd2 Rxd5 35. exd5 Qxd5 36. Rd1 Qf3 37. Rc1 Bd4 38. Rd1 Be3 39. Rb1 Qxf4 40. Qe1 b6 41. Qh4+ Kg6 42. Qg3 Qxg3 43. hxg3 Rd8 44. Rd1 c4 45. Rc2 Rxd3 46. Rxd3 cxd3 47. Rc6+ Kg5 48. Rd6 d2 49. Kg2 h5 50. Rd8 h4 51. gxh4+ Kf4 52. h5 Ke4 53. Kf1 Kf3 0-1

[Event "FRA-ch op-B"]
[Site "Nancy"]
[Date "2013.08.15"]
[Round "4"]
[White "Joslin, Jerome"]
[Black "Azorit, Louis"]
[Result "1-0"]
[WhiteElo "1980"]
[BlackElo "1890"]
[PlyCount "88"]
[EventDate "2013.08.11"]
[EventType "swiss"]
[EventRounds "11"]
[EventCountry "FRA"]
[SourceTitle "CBM 156 Extra"]
[Source "ChessBase"]
[SourceDate "2013.10.22"]
[SourceVersion "1"]
[SourceVersionDate "2013.10.22"]
[SourceQuality "1"]

1. d4 Nf6 2. c4 e6 3. Nf3 Bb4+ 4. Bd2 Bxd2+ 5. Nbxd2 d5 6. Qc2 c6 7. e4 dxe4 8. Nxe4 Nxe4 9. Qxe4 Qa5+ 10. Nd2 Nd7 11. Bd3 Nf6 12. Qe3 0-0 13. 0-0 Ng4 14. Qh3 f5 15. Nb3 Qc7 16. Rae1 Rf6 17. f3 Rh6 18. Qg3 Qxg3 19. hxg3 Nf6 20. Kf2 b6 21. Re2 Bd7 22. Rfe1 Rd8 23. Re5 Kf8 24. Bb1 Bc8 25. Rd1 Nd7 26. Re3 Nf6 27. Na1 g5 28. b4 Ng8 29. a4 Ne7 30. Ra3 e5 31. Nc2 exd4 32. Nxd4 Re8 33. Re1 c5 34. bxc5 bxc5 35. Nb5 a6 36. Nc7 Rd8 37. Rae3 Rd2+ 38. Kg1 Rd7 39. Ne6+ Ke8 40. Bxf5 Rc7 41. Ng7+ Kd8 42. Rd1+ Bd7 43. Bxd7 Rxd7 44. Rxd7+ Kxd7 1-0

[Event "FRA-ch op-B"]
[Site "Pau"]
[Date "2012.08.23"]
[Round "9"]
[White "Joslin, Jerome"]
[Black "Le Bail, Arielle"]
[Result "1-0"]
[WhiteElo "1973"]
[BlackElo "1876"]
[PlyCount "29"]
[EventDate "2012.08.14"]
[EventType "swiss"]
[EventRounds "11"]
[EventCountry "FRA"]
[SourceTitle "EXT 2013"]
[Source "ChessBase"]
[SourceDate "2012.11.22"]
[SourceVersion "1"]
[SourceVersionDate "2012.11.22"]
[SourceQuality "1"]

1. d4 Nf6 2. c4 e6 3. e3 d5 4. Nf3 c6 5. Bd3 Bd6 6. Nc3 0-0 7. e4 dxc4 8. Bxc4 Bb4 9. Bd3 Qa5 10. Bd2 Qh5 11. h3 Rd8 12. e5 Ng4 13. Nh2 Rxd4 14. Nxg4 Qh4 15. Nf6+ 1-0

[Event "FRA-ch op-B"]
[Site "Pau"]
[Date "2012.08.22"]
[Round "8"]
[White "Flick, Antoine"]
[Black "Joslin, Jerome"]
[Result "0-1"]
[WhiteElo "1902"]
[BlackElo "1973"]
[PlyCount "71"]
[EventDate "2012.08.14"]
[EventType "swiss"]
[EventRounds "11"]
[EventCountry "FRA"]
[SourceTitle "EXT 2013"]
[Source "ChessBase"]
[SourceDate "2012.11.22"]
[SourceVersion "1"]
[SourceVersionDate "2012.11.22"]
[SourceQuality "1"]

1. c4 e5 2. Nc3 Nc6 3. g3 Nf6 4. Bg2 Be7 5. Nf3 d5 6. cxd5 Nxd5 7. 0-0 Be6 8. a3 Qd7 9. b4 f6 10. Bb2 Nb6 11. d3 Bh3 12. Rc1 Bxg2 13. Kxg2 h5 14. h4 0-0-0 15. Ne4 Kb8 16. Nc5 Bxc5 17. Rxc5 e4 18. Ne1 Ne7 19. Qc1 Na4 20. Rc2 Nxb2 21. Qxb2 g5 22. Qxf6 gxh4 23. Qxh4 Nf5 24. Qxe4 Rhe8 25. Qc4 Nd4 26. Nf3 Nxc2 27. Qxc2 Qd5 28. Rh1 Rd6 29. Rh4 Rc6 30. Qb2 Rce6 31. Rd4 Qf5 32. Rf4 Qd5 33. d4 Qc6 34. Qa2 Qa6 35. e4 Rf6 36. Ne5 0-1

[Event "Syre Memorial op 34th"]
[Site "Issy les Moulineaux"]
[Date "2011.06.05"]
[Round "6"]
[White "Shirazi, Kamran"]
[Black "Joslin, Jerome"]
[Result "0-1"]
[WhiteElo "2369"]
[BlackElo "2058"]
[PlyCount "76"]
[EventDate "2011.06.03"]
[EventType "swiss"]
[EventRounds "6"]
[EventCountry "FRA"]
[SourceTitle "EXT 2012"]
[Source "ChessBase"]
[SourceDate "2011.11.24"]
[SourceVersion "1"]
[SourceVersionDate "2011.11.24"]
[SourceQuality "1"]

1. e4 e5 2. Nc3 Nf6 3. Nf3 Nc6 4. a3 Bc5 5. Nxe5 Nxe5 6. d4 Bxd4 7. Qxd4 Nc6 8. Qd3 h6 9. Bf4 d6 10. 0-0-0 0-0 11. Be2 Be6 12. Qg3 Kh7 13. e5 Ne8 14. h4 Qe7 15. exd6 Nxd6 16. Rxd6 cxd6 17. Bd3+ Kh8 18. Bxd6 Qf6 19. Ne4 Qd4 20. Bc5 Qe5 21. Qxe5 Nxe5 22. Bxf8 Nxd3+ 23. cxd3 Rxf8 24. Kd2 b6 25. Rc1 Bd5 26. f3 f5 27. Nd6 Rf6 28. Rc8+ Kh7 29. Rd8 Rg6 30. Nxf5 Rxg2+ 31. Ke3 Be6 32. Nd4 Bh3 33. Ne2 Rh2 34. b4 Bf5 35. Rd4 Rh3 36. b5 Bc8 37. Ra4 Bd7 38. Nd4 Rxh4 0-1

[Event "Syre Memorial op 34th"]
[Site "Issy les Moulineaux"]
[Date "2011.06.04"]
[Round "3"]
[White "Rusev, Rosen Yordanov"]
[Black "Joslin, Jerome"]
[Result "1-0"]
[WhiteElo "2288"]
[BlackElo "2058"]
[PlyCount "51"]
[EventDate "2011.06.03"]
[EventType "swiss"]
[EventRounds "6"]
[EventCountry "FRA"]
[SourceTitle "EXT 2012"]
[Source "ChessBase"]
[SourceDate "2011.11.24"]
[SourceVersion "1"]
[SourceVersionDate "2011.11.24"]
[SourceQuality "1"]

1. d4 d5 2. c4 c6 3. Nf3 Nf6 4. Nc3 e6 5. e3 Bd6 6. Qc2 0-0 7. Bd3 Nbd7 8. 0-0 Re8 9. Rd1 e5 10. cxd5 cxd5 11. Nb5 Bb8 12. dxe5 Nxe5 13. Nxe5 Bxe5 14. Nd4 Bg4 15. f3 Rc8 16. Qf2 Bh5 17. Bd2 Ne4 18. fxe4 Bxd1 19. Rxd1 dxe4 20. Bb5 Re7 21. Bc3 Qd6 22. Qh4 Re6 23. h3 Bxd4 24. Rxd4 Qe7 25. Qg4 h5 26. Rd8+ 1-0

[Event "FRA-ch op-B"]
[Site "Nimes"]
[Date "2009.08.13"]
[Round "3"]
[White "Joslin, Jerome"]
[Black "Iasman, Inna"]
[Result "0-1"]
[WhiteElo "1843"]
[BlackElo "1947"]
[PlyCount "69"]
[EventDate "2009.08.11"]
[EventType "swiss"]
[EventRounds "11"]
[EventCountry "FRA"]
[SourceTitle "EXT 2011"]
[Source "ChessBase"]
[SourceDate "2010.11.26"]
[SourceVersion "1"]
[SourceVersionDate "2010.11.26"]
[SourceQuality "1"]

1. d4 d5 2. c4 c6 3. e3 Nf6 4. Nc3 e6 5. Nf3 Nbd7 6. a3 Bd6 7. Bd3 0-0 8. 0-0 dxc4 9. Bxc4 e5 10. e4 exd4 11. Nxd4 Ne5 12. Be2 Bc5 13. Nb3 Bb6 14. Bf4 Qe7 15. Qc2 Ng6 16. Bg3 Be6 17. Bf3 Rad8 18. Rad1 Bc4 19. Rfe1 Qe6 20. Nc1 Ne5 21. Be2 Bxe2 22. Qxe2 a6 23. Nd3 Nxd3 24. Rxd3 Rxd3 25. Qxd3 Rd8 26. Qe2 h6 27. e5 Nd5 28. Ne4 Bd4 29. Nd6 Rd7 30. Ne4 Ne7 31. h3 Nf5 32. Qg4 Kh8 33. Nd6 Rxd6 34. exd6 Qxd6 35. Kh2 0-1

[Event "Naujac op"]
[Site "Naujac"]
[Date "2008.06.29"]
[Round "9"]
[White "Armas, Lara Maria"]
[Black "Joslin, Jerome"]
[Result "1-0"]
[WhiteElo "1891"]
[BlackElo "1803"]
[PlyCount "137"]
[EventDate "2008.06.21"]
[EventType "swiss"]
[EventRounds "9"]
[EventCountry "FRA"]
[SourceTitle "CBM 125 Extra"]
[Source "ChessBase"]
[SourceDate "2008.09.01"]
[SourceVersion "1"]
[SourceVersionDate "2008.09.01"]
[SourceQuality "1"]

1. d4 d5 2. Nf3 e6 3. e3 c6 4. Bd3 Nf6 5. Nbd2 Nbd7 6. 0-0 Bd6 7. c4 e5 8. cxd5 cxd5 9. dxe5 Nxe5 10. Nxe5 Bxe5 11. Nf3 Bc7 12. Qa4+ Nd7 13. b3 0-0 14. Bb2 Re8 15. Qh4 Qxh4 16. Nxh4 Ne5 17. Bb5 Re6 18. Rac1 Bd8 19. Nf5 Bf6 20. Nd4 Rd6 21. Ba3 Rd8 22. Rc7 a6 23. Be2 Ng6 24. Rfc1 Be5 25. R7c2 Re8 26. g3 Bh3 27. Bf3 Rad8 28. Bh1 Ne7 29. Bc5 Nf5 30. Bb6 Rd7 31. Nxf5 Bxf5 32. Rc5 Be6 33. Rd1 Bd6 34. Rc2 Bb4 35. Rdc1 f6 36. Rc7 Ree7 37. Kf1 Kf7 38. Ke2 Rxc7 39. Rxc7 Rxc7 40. Bxc7 Ke7 41. e4 Kd7 42. Bf4 Kc6 43. Kd3 f5 44. e5 Bf7 45. Be3 Kd7 46. f4 Ke6 47. Kd4 Be8 48. Bxd5+ Kd7 49. Bxb7 a5 50. Kc4 Kc7 51. Bd5 h6 52. Bc5 Bd2 53. a3 Bh5 54. Kd3 Be1 55. b4 axb4 56. axb4 g5 57. b5 Ba5 58. Be6 gxf4 59. gxf4 Bg6 60. Kc4 h5 61. Kd5 Bd2 62. b6+ Kb7 63. Bd7 Bf7+ 64. e6 Bxe6+ 65. Bxe6 Bxf4 66. h3 h4 67. Bxf5 Bg3 68. Bd7 Kb8 69. Bc6 1-0